00508nam a2200205Ia 4500008004100000020001800041050001700059050001400076100002400090245002700114245002200141245002400163260001600187260001700203260000900220300001600229300001100245500002000256650002600276180523s9999 xx 000 0 und d a81-7446-351-8 aMAIN HD 30.2 b.R36 2003 aRaman, A Thothathri 0aKnowledge management : 2ba resource book / 2cA Thothathri Raman. aNew Delhi : bExcel Books, c2003 a304 pages : c24 cm. aIncludes index. aKnowledge management.